| 000 -LEADER |
| fixed length control field |
00724nam a2200229Ia 4500 |
| 001 - CONTROL NUMBER |
| control field |
3101 |
| 003 - CONTROL NUMBER IDENTIFIER |
| control field |
GE_BSU |
| 008 - FIXED-LENGTH DATA ELEMENTS--GENERAL INFORMATION |
| fixed length control field |
181216s||||||||xx |||||||||||||| ||und|| |
| 040 ## - CATALOGING SOURCE |
| Transcribing agency |
GE_BSU |
| 080 ## - UNIVERSAL DECIMAL CLASSIFICATION NUMBER |
| Universal Decimal Classification number |
662.6/9(038) |
| 100 ## - MAIN ENTRY--PERSONAL NAME |
| Personal name |
Папок,К.К. Рагозин,Н.А. |
| 245 ## - TITLE STATEMENT |
| Title |
Словарь по топливам,маслам,смазкам,присадкам и специальным жидкостям. |
| 245 ## - TITLE STATEMENT |
| Remainder of title |
Химмологический словарь. |
| 245 ## - TITLE STATEMENT |
| Statement of responsibility, etc. |
Ред.С.И.Бабушкина. |
| 250 ## - EDITION STATEMENT |
| Edition statement |
Изд 4-ое, перераб.и доп. |
| 260 ## - PUBLICATION, DISTRIBUTION, ETC. |
| Place of publication, distribution, etc. |
М. |
| 260 ## - PUBLICATION, DISTRIBUTION, ETC. |
| Name of publisher, distributor, etc. |
Химия. |
| 260 ## - PUBLICATION, DISTRIBUTION, ETC. |
| Date of publication, distribution, etc. |
1975. |
| 300 ## - PHYSICAL DESCRIPTION |
| Extent |
392 стр. |
| 300 ## - PHYSICAL DESCRIPTION |
| Accompanying material |
244 таб. 114 рис. |
| 942 ## - ADDED ENTRY ELEMENTS (KOHA) |
| Koha item type |
წიგნი |